书目信息 |
| 题名: |
电磁兼容原理分析与设计技术
|
|
| 作者: | 林汉年 编著 | |
| 分册: | ||
| 出版信息: | 北京 中国水利水电出版社 2016.8 |
|
| 页数: | 477页 | |
| 开本: | 26cm | |
| 丛书名: | 万水ANSYS技术丛书 | |
| 单 册: | ||
| 中图分类: | TN03-39 | |
| 科图分类: | ||
| 主题词: | ||
| 电子资源: | ||
| ISBN: | 978-7-5170-4464-2 | |
| 000 | 01171oam2 2200277 450 | |
| 001 | 0500003337 | |
| 005 | 20171022085456.0 | |
| 010 | @a978-7-5170-4464-2@dCNY79.00 | |
| 100 | @a20170215d2016 em y0chiy50 ea | |
| 101 | 0 | @achi |
| 102 | @aCN@b110000 | |
| 105 | @aa z 000yy | |
| 106 | @ar | |
| 200 | 1 | @a电磁兼容原理分析与设计技术@9dian ci jian rong yuan li fen xi yu she ji ji shu@f林汉年编著 |
| 210 | @a北京@c中国水利水电出版社@d2016.8 | |
| 215 | @a477页@c图@d26cm | |
| 225 | 2 | @a万水ANSYS技术丛书 |
| 225 | 1 | @aANSYS核心产品系列 |
| 330 | @a本书基于作者多年产品研发、标准审订、测试实验室认证评鉴、学术研究的经验进行EMC实务分析与根本原因及原理说明,同时纳入电源完整性与信号完整性等重要议题,并提供仿真软件的分析案例,有别于一般EMC参考书籍只着重于EMC现象与问题的解决,可谓兼顾理论与实务、模拟与量测技术并重;同时为配合高科技产业的发展,书中还将IC芯片与无线通信的EMC效应与设计方案纳入。 | |
| 461 | 0 | @12001 @a万水ANSYS技术丛书 |
| 461 | 0 | @12001 @aANSYS核心产品系列 |
| 610 | @a电磁兼容性@x有限元分析@x应用软件,ANSYS | |
| 690 | @aTN03-39@v5 | |
| 701 | 0 | @a林汉年@9lin han nian@4编著 |
| 801 | 0 | @aCN@b91MARC@c20171022 |
| 905 | @b1036111-5@dTN03-39@f5@e144 | |
| 电磁兼容原理分析与设计技术/林汉年编著.-北京:中国水利水电出版社,2016.8 |
| 477页:图;26cm.-(万水ANSYS技术丛书).-(ANSYS核心产品系列) |
| ISBN 978-7-5170-4464-2:CNY79.00 |
| 本书基于作者多年产品研发、标准审订、测试实验室认证评鉴、学术研究的经验进行EMC实务分析与根本原因及原理说明,同时纳入电源完整性与信号完整性等重要议题,并提供仿真软件的分析案例,有别于一般EMC参考书籍只着重于EMC现象与问题的解决,可谓兼顾理论与实务、模拟与量测技术并重;同时为配合高科技产业的发展,书中还将IC芯片与无线通信的EMC效应与设计方案纳入。 |
| ● |
| 相关链接 |
|
|
|
|
正题名:电磁兼容原理分析与设计技术
索取号:TN03-39/144
 
预约/预借
| 序号 | 登录号 | 条形码 | 馆藏地/架位号 | 状态 | 备注 |
| 1 | 1036111 | 210361115 | 第二样本阅览室/ [索取号:TN03-39/144] | 在馆 | |
| 2 | 1036112 | 210361124 | 密集书库-生命科学系/ [索取号:TN03-39/144] | 在馆 | |
| 3 | 1036113 | 210361133 | 第三借阅区/ [索取号:TN03-39/144] | 在馆 | |
| 4 | 1036114 | 210361142 | 第三借阅区/ [索取号:TN03-39/144] | 在馆 | |
| 5 | 1036115 | 210361151 | 第三借阅区/ [索取号:TN03-39/144] | 在馆 |